000 00538nam a2200193Ia 4500
999 _c1382
_d1382
003 OSt
005 20210113161806.0
008 151015s9999 xx 000 0 und d
020 _a80450741
040 _aMMU
_beng
_cMMU
_dMMU
050 _aG155.A1B883 2006
100 _aBurns M. Peter
245 _aTourism and Identities Global frameworks and local Realities/
_cedited by Peter M.Burns
260 _aUK:
_bElsevier,
_c 2006
300 _axiv, 204 p. :
500 _aIncludes index
650 _aTourism
942 _2lcc
_cLOAN LOAN